Statistics for Star Wars x Marvel

Click here to take the quiz!

General Stats

  • This quiz has been taken 39 times
  • The average score is 6 of 14

Answer Stats

MCUStar WarsAnswer% Correct
Nick FuryMace WinduSamuel L. Jackson
97%
Jane FosterPadme AmidalaNatalie Portman
94%
Marc SpectorPoe DameronOscar Isaac
62%
VisionDryden VossPaul Bettany
56%
Aaron DavisLando CalrissianDonald Glover
41%
Happy HoganRioJon Favreau
38%
Ulysses KlaueSnokeAndy Serkis
32%
Gi'ahQi'raEmilia Clark
32%
The CollectorDJBenicio Del Toro
29%
ZuriSaw GerreraForest Whitaker
26%
NakiaMaz KanataLupita Nyong'o
26%
TalosOrson KrennicBen Mendelsohn
18%
KaecilliusGalen ErsoMads Mikkelson
18%
Classic LokiGeneral PrydeRichard E. Grant
15%

Score Distribution

Percentile by Number Answered

Percent of People with Each Score

Your Score History

You have not taken this quiz